[Event "2. Bundesliga West 2015/16"]
[Site "Servus Europa Wals"]
[Date "2016.03.04"]
[Round "9"]
[Board "2"]
[White "Burschowsky, Matthias"]
[Black "Lanka, Zigurds"]
[Result "1-0"]
[WhiteElo "2208"]
[BlackElo "2422"]
[PlyCount "79"]
[EventDate "2015.10.16"]
[EventType "team"]
[EventRounds "11"]
[EventCountry "AUT"]
[WhiteTeam "Hohenems II"]
[BlackTeam "Zillertal"]

1. c4 g6 2. Nc3 c5 3. g3 Bg7 4. Bg2 Nc6 5. Nf3 e5 6. O-O Nge7 7. Ne1 O-O 8. Nc2
d6 9. d3 Be6 10. Ne3 g5 11. Rb1 f5 12. Ned5 Ng6 13. a3 Rb8 14. b4 g4 15. bxc5
dxc5 16. Qa4 Kh8 17. Be3 Nd4 18. Qxa7 f4 19. Bxd4 cxd4 20. Ne4 f3 21. Bh1 Bxd5
22. cxd5 Qxd5 23. exf3 gxf3 24. Qc5 Qd7 25. Qc1 Qg4 26. Qd1 Bh6 27. Rb6 Kg7 28.
h3 Qh5 29. Kh2 Rf7 30. g4 Bf4+ 31. Ng3 Qh4 32. Qxf3 e4 33. Qxe4 Bc7 34. Qxd4+
Kg8 35. Rxb7 Rd8 36. Qc4 Ne5 37. Qe6 Rxd3 38. Rxc7 Nxg4+ 39. Kg2 Ne3+ 40. Kg1
 1-0

[Event "2. Bundesliga West 2015/16"]
[Site "Servus Europa Wals"]
[Date "2016.03.04"]
[Round "9"]
[Board "3"]
[White "Hausner, Ivan"]
[Black "Atlas, Dmitry"]
[Result "1-0"]
[WhiteElo "2332"]
[BlackElo "2220"]
[PlyCount "53"]
[EventDate "2015.10.16"]
[EventType "team"]
[EventRounds "11"]
[EventCountry "AUT"]
[WhiteTeam "Zillertal"]
[BlackTeam "Hohenems II"]

1. c4 e6 2. g3 d5 3. Bg2 Nf6 4. Nf3 Be7 5. b3 O-O 6. O-O b6 7. Bb2 Bb7 8. d4
Nbd7 9. Nc3 c6 10. Qc2 Qc7 11. Rad1 Rac8 12. e4 h6 13. Rfe1 Rfe8 14. e5 Nh7 15.
cxd5 cxd5 16. Bf1 Nb8 17. Bd3 Nf8 18. Qe2 Nc6 19. Rc1 Qd7 20. Bb1 Na5 21. Qe3
b5 22. Ne2 Bb4 23. Red1 Qe7 24. Nf4 Ba3 25. Bxa3 Qxa3 26. Nh5 Rxc1 27. Rxc1 1-0

[Event "2. Bundesliga West 2015/16"]
[Site "Servus Europa Wals"]
[Date "2016.03.04"]
[Round "9"]
[Board "4"]
[White "Sandholzer, Robert"]
[Black "Platzgummer, Fabian"]
[Result "1-0"]
[WhiteElo "2175"]
[BlackElo "2332"]
[PlyCount "67"]
[EventDate "2015.10.16"]
[EventType "team"]
[EventRounds "11"]
[EventCountry "AUT"]
[WhiteTeam "Hohenems II"]
[BlackTeam "Zillertal"]

1. e4 c5 2. c3 d5 3. exd5 Qxd5 4. d4 Nf6 5. Nf3 e6 6. a3 Nc6 7. Be3 cxd4 8.
cxd4 Be7 9. Nc3 Qd6 10. Bd3 O-O 11. O-O b6 12. Qe2 Bb7 13. Rad1 Rac8 14. Rfe1
Rfd8 15. Bb1 h6 16. Qd3 Bf8 17. h3 Ne7 18. Ne5 Nf5 19. Ng4 Nd5 20. Ne4 Qc6 21.
Ne5 Qa4 22. Ng3 Ba6 23. Qe4 Nf6 24. Qf3 Nxe3 25. fxe3 Bd6 26. Ng4 Nxg4 27. Qxg4
Bxg3 28. Qxg3 Rd7 29. Qf4 Rcd8 30. Qe4 g6 31. Qg4 Kg7 32. Qg3 h5 33. Rc1 Re8
34. Be4 1-0

[Event "2. Bundesliga West 2015/16"]
[Site "Servus Europa Wals"]
[Date "2016.03.04"]
[Round "9"]
[Board "5"]
[White "Tabernig, Bernhard"]
[Black "Kranzl, Julian"]
[Result "1-0"]
[WhiteElo "2328"]
[BlackElo "1763"]
[PlyCount "111"]
[EventDate "2015.10.16"]
[EventType "team"]
[EventRounds "11"]
[EventCountry "AUT"]
[WhiteTeam "Zillertal"]
[BlackTeam "Hohenems II"]

1. d4 Nf6 2. c4 e6 3. Nc3 Bb4 4. f3 d5 5. a3 Be7 6. e4 dxe4 7. fxe4 e5 8. d5
Bc5 9. Nf3 Bg4 10. Bd3 Nbd7 11. Bd2 a5 12. b3 Bxf3 13. Qxf3 O-O 14. g4 Ne8 15.
Na4 Qe7 16. Ke2 Bd4 17. Rab1 b6 18. Nc3 Bxc3 19. Bxc3 Nd6 20. h4 Nc5 21. b4
axb4 22. axb4 Nxd3 23. Qxd3 Ra3 24. Kd2 Rfa8 25. c5 Nc8 26. Qc4 Ra2+ 27. Rb2
R2a4 28. g5 bxc5 29. Qxc5 Qd6 30. Kd3 Nb6 31. Rbb1 Ra3 32. Qxd6 cxd6 33. Ra1 f5
34. gxf6 gxf6 35. Rxa3 Rxa3 36. Ra1 Rxa1 37. Bxa1 Kg7 38. b5 Kg6 39. Bc3 f5 40.
Ba5 fxe4+ 41. Kxe4 Nd7 42. b6 Nc5+ 43. Kf3 Kf5 44. Bb4 Nb7 45. Ba3 h5 46. Bb2
Nc5 47. Bc3 Nb7 48. Ke3 Kg4 49. Be1 Nc5 50. Bf2 Nb7 51. Ke4 Nd8 52. Be1 Nb7 53.
Kd3 Kf4 54. Kc4 e4 55. Kb5 Nd8 56. Ka6 1-0

[Event "2. Bundesliga West 2015/16"]
[Site "Servus Europa Wals"]
[Date "2016.03.04"]
[Round "9"]
[Board "6"]
[White "Kuntner, Reinhard"]
[Black "Schiestl, Josef"]
[Result "0-1"]
[WhiteElo "1972"]
[BlackElo "2128"]
[PlyCount "126"]
[EventDate "2015.10.16"]
[EventType "team"]
[EventRounds "11"]
[EventCountry "AUT"]
[WhiteTeam "Hohenems II"]
[BlackTeam "Zillertal"]

1. d4 Nf6 2. c4 g6 3. g3 Bg7 4. Bg2 O-O 5. Nf3 d6 6. O-O a6 7. Nc3 Nc6 8. d5
Na5 9. Nd2 c5 10. Qc2 Rb8 11. b3 b5 12. cxb5 axb5 13. Rb1 b4 14. Na4 Bb7 15. e4
Re8 16. Rd1 Qc7 17. Nb2 e6 18. Ndc4 exd5 19. exd5 Bc8 20. Bf4 Nxc4 21. Qxc4 Bf5
22. Nd3 Nh5 23. Be3 Qd7 24. Rbc1 Ra8 25. Rc2 Nf6 26. Rcd2 Be4 27. Nc1 Bxg2 28.
Kxg2 Ne4 29. Rc2 Qf5 30. Qd3 Qd7 31. Ne2 h5 32. f3 Nf6 33. Bf2 Re5 34. Qc4 Rae8
35. Ng1 Bh6 36. Re2 Qf5 37. Rde1 Nxd5 38. Qxd5 Rxd5 39. Rxe8+ Kg7 40. R8e2 Rd3
41. Re4 Bg5 42. h3 Qd7 43. g4 d5 44. Re8 c4 45. bxc4 dxc4 46. Bc5 b3 47. axb3
cxb3 48. Bf8+ Kh7 49. Ba3 Bf6 50. g5 Bg7 51. R8e7 Qd5 52. h4 Bf8 53. R7e5 Bxa3
54. Rxd5 Rxd5 55. Rb1 b2 56. Ne2 Rc5 57. f4 Rc1 58. Nxc1 bxc1=Q 59. Rxc1 Bxc1
60. Kf3 Kg7 61. Ke4 Kf8 62. f5 Ke7 63. f6+ Ke6 0-1

[Event "2. Bundesliga West 2015/16"]
[Site "Servus Europa Wals"]
[Date "2016.03.04"]
[Round "9"]
[Board "1"]
[White "Wegener, Olaf"]
[Black "Stajner, Samo"]
[Result "0-1"]
[WhiteElo "2441"]
[BlackElo "2351"]
[PlyCount "110"]
[EventDate "2015.10.16"]
[EventType "team"]
[EventRounds "11"]
[EventCountry "AUT"]
[WhiteTeam "Rochade Rum"]
[BlackTeam "Schwarzach"]

1. e4 g6 2. d4 Bg7 3. Nc3 d6 4. Be3 a6 5. f4 b5 6. Bd3 Nd7 7. Nf3 Bb7 8. e5 e6
9. a4 b4 10. Ne4 Bxe4 11. Bxe4 d5 12. Bd3 a5 13. c3 bxc3 14. bxc3 Ne7 15. O-O
Rb8 16. Nd2 Nf5 17. Bf2 h5 18. g3 Bf8 19. Rb1 c5 20. c4 dxc4 21. Bxf5 gxf5 22.
Nxc4 h4 23. Qf3 hxg3 24. hxg3 cxd4 25. Nd6+ Bxd6 26. exd6 d3 27. Bd4 f6 28. Rb7
d2 29. Rd1 Qc8 30. Rc7 Qa6 31. Rc6 Qb7 32. Rxd2 Kf7 33. Rb2 Qa8 34. Rxb8 Qxb8
35. Kg2 Qb1 36. Bg1 Qa2+ 37. Bf2 Qxa4 38. Rc7 Kg6 39. Qd3 Rh7 40. Ra7 Qc6+ 41.
Kf1 Rh1+ 42. Ke2 Ra1 43. Rc7 Ra2+ 44. Ke3 Qg2 45. Rc2 Nc5 46. Qc3 Qe4+ 47. Kd2
Qd5+ 48. Ke1 Rxc2 49. Qxc2 Nd3+ 50. Ke2 Nb4 51. Qd2 Qc4+ 52. Kd1 Qf1+ 53. Be1
Qf3+ 54. Kc1 Qb3 55. Qe2 Na2+ 0-1

[Event "2. Bundesliga West 2015/16"]
[Site "Servus Europa Wals"]
[Date "2016.03.04"]
[Round "9"]
[Board "2"]
[White "Roeberg, Frank"]
[Black "Spornberger, Maximilian"]
[Result "1-0"]
[WhiteElo "2249"]
[BlackElo "2347"]
[PlyCount "73"]
[EventDate "2015.10.16"]
[EventType "team"]
[EventRounds "11"]
[EventCountry "AUT"]
[WhiteTeam "Schwarzach"]
[BlackTeam "Rochade Rum"]

1. e4 e6 2. Nf3 d5 3. Nc3 d4 4. Ne2 c5 5. c3 Nf6 6. e5 Nfd7 7. cxd4 cxd4 8.
Nexd4 Nxe5 9. Bb5+ Nec6 10. O-O Be7 11. Nb3 a6 12. Be2 e5 13. d4 e4 14. Ne5 O-O
15. f3 Nxe5 16. dxe5 Qb6+ 17. Kh1 Nc6 18. f4 a5 19. Nd2 Rd8 20. Nc4 Qc7 21. Qe1
Nd4 22. Be3 b5 23. Bxd4 Rxd4 24. Ne3 Qb6 25. f5 Bb4 26. Qg3 Rd2 27. Rad1 Bb7
28. f6 g6 29. Rxd2 Bxd2 30. Nf5 Rd8 31. Rd1 Bb4 32. Nd6 Bxd6 33. Rxd6 Rxd6 34.
exd6 Qd4 35. Qf4 Bc6 36. d7 h6 37. Qb8+ 1-0

[Event "2. Bundesliga West 2015/16"]
[Site "Servus Europa Wals"]
[Date "2016.03.04"]
[Round "9"]
[Board "3"]
[White "Gatterer, Florian"]
[Black "Ruecker, Benjamin"]
[Result "1-0"]
[WhiteElo "2223"]
[BlackElo "2269"]
[PlyCount "67"]
[EventDate "2015.10.16"]
[EventType "team"]
[EventRounds "11"]
[EventCountry "AUT"]
[WhiteTeam "Rochade Rum"]
[BlackTeam "Schwarzach"]

1. c4 c6 2. Nf3 d5 3. e3 e6 4. Nc3 Nf6 5. b3 Nbd7 6. Qc2 a6 7. d4 b5 8. Bd3 Bb7
9. c5 e5 10. dxe5 Ng4 11. e6 fxe6 12. Bg6+ Ke7 13. Bxh7 Ndf6 14. Bg6 Qc7 15.
Bb2 Rh6 16. g3 e5 17. Nh4 Rxh4 18. gxh4 e4 19. O-O-O b4 20. Ne2 Nxf2 21. Nd4
Nxd1 22. Qxd1 Qa5 23. Kb1 Qxc5 24. h5 Bc8 25. Rg1 Qd6 26. h6 gxh6 27. Qf1 Kd8
28. Nxc6+ Qxc6 29. Bxf6+ Kc7 30. Be5+ Bd6 31. Qf4 Bxe5 32. Qxe5+ Kb6 33. Rc1
Qxg6 34. Qc7+ 1-0

[Event "2. Bundesliga West 2015/16"]
[Site "Servus Europa Wals"]
[Date "2016.03.04"]
[Round "9"]
[Board "4"]
[White "Ljubic, Juro"]
[Black "Spornberger, Andre"]
[Result "1/2-1/2"]
[WhiteElo "2213"]
[BlackElo "2108"]
[PlyCount "63"]
[EventDate "2015.10.16"]
[EventType "team"]
[EventRounds "11"]
[EventCountry "AUT"]
[WhiteTeam "Schwarzach"]
[BlackTeam "Rochade Rum"]

1. e4 e6 2. d4 d5 3. e5 c5 4. c3 Nc6 5. Be3 Qb6 6. Qd2 Nh6 7. Nf3 Nf5 8. dxc5
Bxc5 9. Bxc5 Qxc5 10. Bd3 Bd7 11. O-O Rd8 12. Na3 Bc8 13. Bxf5 exf5 14. Nc2 h6
15. h4 g6 16. Rfe1 Be6 17. Ncd4 Kf8 18. Rad1 Kg7 19. Qe3 Qe7 20. b4 Rc8 21. Ne2
a6 22. Rd2 Rhd8 23. a3 Qc7 24. Red1 Nb8 25. Nfd4 Nd7 26. Nxe6+ fxe6 27. Nf4 Nf8
28. Rd3 Qc4 29. Qd2 Rc6 30. Rg3 Kh7 31. a4 b6 32. Ne2 1/2-1/2

[Event "2. Bundesliga West 2015/16"]
[Site "Servus Europa Wals"]
[Date "2016.03.04"]
[Round "9"]
[Board "5"]
[White "Hoellrigl, Wilfried"]
[Black "Stoeckl, Norbert"]
[Result "1-0"]
[WhiteElo "2153"]
[BlackElo "2094"]
[PlyCount "39"]
[EventDate "2015.10.16"]
[EventType "team"]
[EventRounds "11"]
[EventCountry "AUT"]
[WhiteTeam "Rochade Rum"]
[BlackTeam "Schwarzach"]

1. e4 c5 2. Nf3 e6 3. c3 d5 4. e5 d4 5. Bd3 Ne7 6. Qe2 Nec6 7. Na3 Nd7 8. Bb5
Qc7 9. O-O b6 10. Bxc6 Qxc6 11. cxd4 Bb7 12. d3 cxd4 13. Nc2 Qd5 14. Ncxd4 g5
15. Bxg5 Rg8 16. Qe4 Bc5 17. Bf4 Bxd4 18. Nxd4 Rxg2+ 19. Kxg2 Qxd4 20. Qxb7 1-0

[Event "2. Bundesliga West 2015/16"]
[Site "Servus Europa Wals"]
[Date "2016.03.04"]
[Round "9"]
[Board "6"]
[White "Cardaklija, Mirsad"]
[Black "Jedinger, Andreas"]
[Result "1/2-1/2"]
[WhiteElo "2060"]
[BlackElo "2105"]
[PlyCount "73"]
[EventDate "2015.10.16"]
[EventType "team"]
[EventRounds "11"]
[EventCountry "AUT"]
[WhiteTeam "Schwarzach"]
[BlackTeam "Rochade Rum"]

1. e4 e5 2. Nf3 Nc6 3. d4 exd4 4. Nxd4 Nf6 5. Nxc6 bxc6 6. Bd3 d5 7. Bg5 dxe4
8. Bxf6 Qxf6 9. Bxe4 Be7 10. O-O O-O 11. c3 Rb8 12. Qc2 Ba6 13. Re1 Bc5 14. Bf3
Rfd8 15. Nd2 Bd3 16. Qc1 Re8 17. Nb3 Bb6 18. Rxe8+ Rxe8 19. Qd2 Bc4 20. Rd1 Bd5
21. Bxd5 cxd5 22. h3 h6 23. Kf1 Re4 24. f3 c6 25. Nd4 Bxd4 26. cxd4 Re6 27. Re1
Rxe1+ 28. Kxe1 Qh4+ 29. Kf1 c5 30. dxc5 Qc4+ 31. Ke1 Qxc5 32. Kd1 Qc4 33. a3 h5
34. Qe2 Qf4 35. Qd2 Qc4 36. Qe2 Qf4 37. Qd2 1/2-1/2

[Event "2. Bundesliga West 2015/16"]
[Site "Servus Europa Wals"]
[Date "2016.03.04"]
[Round "9"]
[Board "1"]
[White "Eybl, Alexander"]
[Black "Durakovic, Alman"]
[Result "1/2-1/2"]
[WhiteElo "2240"]
[BlackElo "2314"]
[PlyCount "60"]
[EventDate "2015.10.16"]
[EventType "team"]
[EventRounds "11"]
[EventCountry "AUT"]
[WhiteTeam "Pradl"]
[BlackTeam "SIR Bernhard 2"]

1. e4 c5 2. Nf3 Nc6 3. Bb5 g6 4. O-O Bg7 5. Bxc6 bxc6 6. Re1 Nh6 7. d3 O-O 8.
h3 d6 9. Nbd2 f6 10. c3 Nf7 11. Qa4 Qb6 12. d4 cxd4 13. cxd4 Ng5 14. b3 a5 15.
Qc4+ Kh8 16. Qc2 Bd7 17. Bb2 a4 18. Nxg5 fxg5 19. Nc4 Qb5 20. d5 axb3 21. Bxg7+
Kxg7 22. Qxb3 Qc5 23. Qb2+ Kg8 24. Nb6 Rab8 25. Nxd7 Rxb2 26. Nxc5 dxc5 27.
dxc6 Rfxf2 28. c7 Rxg2+ 29. Kh1 Rh2+ 30. Kg1 Rhg2+ 1/2-1/2

[Event "2. Bundesliga West 2015/16"]
[Site "Servus Europa Wals"]
[Date "2016.03.04"]
[Round "9"]
[Board "2"]
[White "Velickovic, Zoran"]
[Black "Matt, Stefan"]
[Result "1/2-1/2"]
[WhiteElo "2398"]
[BlackElo "2094"]
[PlyCount "60"]
[EventDate "2015.10.16"]
[EventType "team"]
[EventRounds "11"]
[EventCountry "AUT"]
[WhiteTeam "SIR Bernhard 2"]
[BlackTeam "Pradl"]

1. Nf3 Nf6 2. g3 g6 3. c4 Bg7 4. Bg2 d5 5. O-O O-O 6. cxd5 Nxd5 7. d4 Nb6 8.
Nc3 Nc6 9. d5 Na5 10. e4 Bd7 11. Bg5 h6 12. Bf4 Nac4 13. Qc1 g5 14. Be3 Nxe3
15. Qxe3 c6 16. dxc6 Bxc6 17. Rfd1 Qc7 18. h4 Nc4 19. Qe2 Ne5 20. hxg5 Nxf3+
21. Bxf3 hxg5 22. Rac1 Qe5 23. b4 Rfd8 24. a4 e6 25. b5 Be8 26. Qe3 b6 27. Nb1
Bf8 28. Kg2 Bc5 29. Qe2 Rxd1 30. Qxd1 a6 1/2-1/2

[Event "2. Bundesliga West 2015/16"]
[Site "Servus Europa Wals"]
[Date "2016.03.04"]
[Round "9"]
[Board "3"]
[White "Lins, Philipp"]
[Black "Wieneroiter, Gerald"]
[Result "1-0"]
[WhiteElo "2044"]
[BlackElo "2140"]
[PlyCount "85"]
[EventDate "2015.10.16"]
[EventType "team"]
[EventRounds "11"]
[EventCountry "AUT"]
[WhiteTeam "Pradl"]
[BlackTeam "SIR Bernhard 2"]

1. Nf3 d5 2. c4 c6 3. g3 Nf6 4. Bg2 e6 5. d4 Nbd7 6. Qc2 Be7 7. O-O O-O 8. Rd1
b6 9. b3 Bb7 10. Bb2 Qc7 11. Nc3 Rad8 12. Rac1 h6 13. cxd5 exd5 14. a3 Rfe8 15.
Ne5 Qb8 16. e4 Bf8 17. Nxd7 Rxd7 18. e5 Nh7 19. b4 Rdd8 20. f4 c5 21. dxc5 d4
22. Ne4 bxc5 23. bxc5 d3 24. Qf2 Ba6 25. Bc3 Qb3 26. Bb4 Bb7 27. Rb1 Qe6 28.
Nd6 Bxg2 29. Qxg2 f6 30. Nxe8 Qxe8 31. Qa2+ Kh8 32. e6 f5 33. Qc4 Nf6 34. Rb3
d2 35. Rxd2 Rxd2 36. Bxd2 Ne4 37. Be3 Qh5 38. Rb8 Qf3 39. Rxf8+ Kh7 40. Qd4
Nxg3 41. hxg3 Qxg3+ 42. Kf1 Qh3+ 43. Ke2 1-0

[Event "2. Bundesliga West 2015/16"]
[Site "Servus Europa Wals"]
[Date "2016.03.04"]
[Round "9"]
[Board "4"]
[White "Prodinger, Johannes"]
[Black "Praxmarer, Christian"]
[Result "0-1"]
[WhiteElo "1911"]
[BlackElo "1992"]
[PlyCount "74"]
[EventDate "2015.10.16"]
[EventType "team"]
[EventRounds "11"]
[EventCountry "AUT"]
[WhiteTeam "SIR Bernhard 2"]
[BlackTeam "Pradl"]

1. d4 e6 2. c4 f5 3. Nc3 Nf6 4. Nf3 Be7 5. Bf4 O-O 6. e3 b6 7. Be2 Ne4 8. d5
Nxc3 9. bxc3 Bf6 10. O-O Na6 11. Ne5 Bxe5 12. Bxe5 d6 13. Bg3 e5 14. f3 Nc5 15.
Qe1 Qe8 16. Bh4 a5 17. h3 Ba6 18. Rf2 Qh5 19. Rf1 Qf7 20. g4 Qd7 21. Rf2 Rae8
22. Rg2 e4 23. f4 Kh8 24. gxf5 Qxf5 25. Rg5 Qf7 26. Qg3 g6 27. Rf1 Bc8 28. Qg2
Bf5 29. Be1 Qf6 30. h4 Nd3 31. Bd2 Rg8 32. Kh2 h6 33. Rg3 Qxh4+ 34. Kg1 Rg7 35.
Bg4 Reg8 36. Bh3 Qf6 37. Kh2 Kh7 0-1

[Event "2. Bundesliga West 2015/16"]
[Site "Servus Europa Wals"]
[Date "2016.03.04"]
[Round "9"]
[Board "5"]
[White "Niedermair, Hannes"]
[Black "Jakob, Tobias"]
[Result "1/2-1/2"]
[WhiteElo "1990"]
[BlackElo "1883"]
[PlyCount "74"]
[EventDate "2015.10.16"]
[EventType "team"]
[EventRounds "11"]
[EventCountry "AUT"]
[WhiteTeam "Pradl"]
[BlackTeam "SIR Bernhard 2"]

1. b3 d5 2. Bb2 Nf6 3. e3 e6 4. f4 Bd6 5. Nf3 O-O 6. Be2 Re8 7. O-O Nbd7 8. Ne5
c5 9. d3 Qc7 10. Nxd7 Nxd7 11. Bf3 Nb6 12. g3 e5 13. Nc3 exf4 14. exf4 Qc6 15.
Kg2 Be6 16. Re1 Qd7 17. a4 d4 18. Ne4 Nd5 19. Qd2 Ne3+ 20. Kg1 Bf8 21. Re2 Bd5
22. Ng5 h6 23. Bxd5 Qxd5 24. Nh3 Bd6 25. Rf2 Qe6 26. f5 Nxf5 27. Nf4 Bxf4 28.
Qxf4 Ne3 29. Ba3 b6 30. b4 Nd5 31. Qd2 cxb4 32. Bxb4 Qe3 33. Raf1 f6 34. Bd6
Rec8 35. Qd1 Rc3 36. Qg4 Nc7 37. Bxc7 Rxc7 1/2-1/2

[Event "2. Bundesliga West 2015/16"]
[Site "Servus Europa Wals"]
[Date "2016.03.04"]
[Round "9"]
[Board "6"]
[White "Kliegl, Severin"]
[Black "Nussbaumer, Leon"]
[Result "0-1"]
[WhiteElo "1906"]
[BlackElo "1890"]
[PlyCount "57"]
[EventDate "2015.10.16"]
[EventType "team"]
[EventRounds "11"]
[EventCountry "AUT"]
[WhiteTeam "SIR Bernhard 2"]
[BlackTeam "Pradl"]

1. e4 c5 2. Nc3 Nc6 3. Bb5 Nd4 4. Bc4 d6 5. Nge2 Nxe2 6. Nxe2 Nf6 7. d3 g6 8.
O-O Bg7 9. f4 O-O 10. Qe1 d5 11. exd5 Nxd5 12. Bxd5 Qxd5 13. Nc3 Qd7 14. Qg3 b6
15. Bd2 Bb7 16. Rae1 e6 17. b3 Rfd8 18. Rd1 Rac8 19. Ne2 b5 20. Ba5 Re8 21. Qf2
b4 22. c3 Qb5 23. cxb4 cxb4 24. Bxb4 Qxb4 25. g4 Rc2 26. Qe3 Bd4 27. Qxd4 Qxd4+
28. Nxd4 Rg2+ 29. Kh1 0-1

[Event "2. Bundesliga West 2015/16"]
[Site "Servus Europa Wals"]
[Date "2016.03.04"]
[Round "9"]
[Board "1"]
[White "Bertagnolli, Alexander"]
[Black "Novkovic, Milan"]
[Result "1-0"]
[WhiteElo "2343"]
[BlackElo "2380"]
[PlyCount "91"]
[EventDate "2015.10.16"]
[EventType "team"]
[EventRounds "11"]
[EventCountry "AUT"]
[WhiteTeam "Kufstein/Woergl"]
[BlackTeam "Dornbirn"]

1. d4 d5 2. Nf3 Nf6 3. g3 e6 4. Bg2 b5 5. Qd3 a6 6. Bg5 c5 7. dxc5 Bxc5 8. e4
Qa5+ 9. Nfd2 Nxe4 10. Bxe4 dxe4 11. Qxe4 Qc7 12. Bf4 Qb7 13. Nc3 O-O 14. O-O-O
Qxe4 15. Ndxe4 Ba7 16. Rhe1 Nc6 17. Bd6 Rd8 18. Bc5 Bxc5 19. Nxc5 Kf8 20. a3
Rxd1+ 21. Rxd1 Ke7 22. b4 a5 23. Nxb5 axb4 24. a4 Ra5 25. Kb2 e5 26. Kb3 Bf5
27. Rd6 Rxb5 28. Rxc6 Rb8 29. a5 Rb5 30. a6 Ra5 31. Kxb4 Ra2 32. c4 Kd8 33. Kb3
Ra1 34. Na4 Be4 35. Rb6 Kc7 36. c5 Bc6 37. Nc3 Ra5 38. Kc4 Ra1 39. Nd5+ Kd7 40.
Rb7+ Ke6 41. Re7+ Kf5 42. Nb4 Bg2 43. c6 Bxc6 44. Nxc6 Rxa6 45. Rxf7+ Ke4 46.
f3+ 1-0

[Event "2. Bundesliga West 2015/16"]
[Site "Servus Europa Wals"]
[Date "2016.03.04"]
[Round "9"]
[Board "2"]
[White "Schmidlechner, Alexander"]
[Black "Levushkina, Elena"]
[Result "0-1"]
[WhiteElo "2217"]
[BlackElo "2299"]
[PlyCount "114"]
[EventDate "2015.10.16"]
[EventType "team"]
[EventRounds "11"]
[EventCountry "AUT"]
[WhiteTeam "Dornbirn"]
[BlackTeam "Kufstein/Woergl"]

1. d4 Nf6 2. Nf3 e6 3. Bg5 c5 4. e3 Be7 5. Nbd2 d5 6. c3 O-O 7. Ne5 Nfd7 8.
Bxe7 Qxe7 9. f4 cxd4 10. Nxd7 Bxd7 11. exd4 f6 12. Nf3 Qd6 13. Qd2 Nc6 14. Be2
Be8 15. O-O Bg6 16. Rae1 Rae8 17. Bb5 Re7 18. Qe3 Nd8 19. Nh4 Be4 20. Rf2 Qb6
21. Ba4 Rc7 22. Bb3 f5 23. Nf3 Nc6 24. Ba4 Na5 25. Ne5 Qa6 26. Qe2 Qxe2 27.
Rfxe2 Rd8 28. Kf2 a6 29. h3 b5 30. Bd1 Rb8 31. a3 Nc4 32. Bb3 Nxe5 33. dxe5 a5
34. Ke3 Rbc8 35. g4 Kf7 36. Rd2 h6 37. Rg1 g6 38. Rd4 Rb8 39. Kd2 Rcc8 40. Rg3
Rf8 41. Bd1 fxg4 42. hxg4 g5 43. fxg5 hxg5 44. Bc2 Bxc2 45. Kxc2 Kg6 46. Rg2
Rf4 47. Rgd2 Rh8 48. b3 Rh4 49. Rg2 Rh3 50. Rd3 Rh1 51. Rd4 Re1 52. Rxf4 gxf4
53. Rf2 Kg5 54. a4 bxa4 55. b4 axb4 56. cxb4 Re4 57. Kc3 Rc4+ 0-1

[Event "2. Bundesliga West 2015/16"]
[Site "Servus Europa Wals"]
[Date "2016.03.04"]
[Round "9"]
[Board "3"]
[White "Koepke, Christian"]
[Black "Klocker, Benedikt"]
[Result "1-0"]
[WhiteElo "2322"]
[BlackElo "2192"]
[PlyCount "51"]
[EventDate "2015.10.16"]
[EventType "team"]
[EventRounds "11"]
[EventCountry "AUT"]
[WhiteTeam "Kufstein/Woergl"]
[BlackTeam "Dornbirn"]

1. e4 c5 2. Nf3 d6 3. d4 cxd4 4. Nxd4 Nf6 5. Nc3 g6 6. Be3 Bg7 7. f3 O-O 8. Qd2
Nc6 9. Bc4 Bd7 10. Bb3 Rc8 11. O-O-O Ne5 12. Kb1 Re8 13. h4 h5 14. Bh6 Nc4 15.
Bxc4 Rxc4 16. Bxg7 Kxg7 17. Nd5 Nxd5 18. exd5 Qb6 19. g4 hxg4 20. h5 Rh8 21.
Qf4 Rxd4 22. Rxd4 gxf3 23. Rdd1 Qc5 24. hxg6 Qxd5 25. gxf7 Rxh1 26. f8=Q+ 1-0

[Event "2. Bundesliga West 2015/16"]
[Site "Servus Europa Wals"]
[Date "2016.03.04"]
[Round "9"]
[Board "4"]
[White "Kanonier, Clemens"]
[Black "Rusche, Johannes"]
[Result "0-1"]
[WhiteElo "2117"]
[BlackElo "2274"]
[PlyCount "104"]
[EventDate "2015.10.16"]
[EventType "team"]
[EventRounds "11"]
[EventCountry "AUT"]
[WhiteTeam "Dornbirn"]
[BlackTeam "Kufstein/Woergl"]

1. e4 e5 2. Nf3 Nc6 3. Bb5 Nge7 4. O-O g6 5. d4 exd4 6. Nxd4 Bg7 7. Nxc6 Nxc6
8. Nc3 O-O 9. Be3 d6 10. Qd2 Be6 11. Bg5 Qd7 12. Nd5 f6 13. Be3 f5 14. exf5
Rxf5 15. Bxc6 bxc6 16. Nc3 c5 17. Rad1 Raf8 18. b3 Qc6 19. Ne2 Bc8 20. Ng3 Bb7
21. f3 Re5 22. Ne4 Qe8 23. Bh6 Bxh6 24. Qxh6 Bxe4 25. fxe4 Rxe4 26. Qxf8+ Qxf8
27. Rxf8+ Kxf8 28. Kf2 Kf7 29. Rd3 Ke6 30. Kf3 Re1 31. Rc3 Rf1+ 32. Kg3 Ra1 33.
a4 Rf1 34. Rc4 a5 35. Re4+ Kd7 36. h3 Rf5 37. Rh4 Rg5+ 38. Kf3 Rf5+ 39. Ke3 h5
40. Rc4 Kc6 41. g4 Re5+ 42. Kd3 Rg5 43. Re4 hxg4 44. hxg4 Rd5+ 45. Kc3 g5 46.
Re3 Rd4 47. Rg3 Kd5 48. Kb2 Ke4 49. Rh3 Kf4 50. Rh7 Kxg4 51. Rxc7 Kf3 52. c3
Rf4 0-1

[Event "2. Bundesliga West 2015/16"]
[Site "Servus Europa Wals"]
[Date "2016.03.04"]
[Round "9"]
[Board "5"]
[White "Kranewitter, Norbert"]
[Black "Ruescher, Christian"]
[Result "1-0"]
[WhiteElo "2049"]
[BlackElo "2093"]
[PlyCount "105"]
[EventDate "2015.10.16"]
[EventType "team"]
[EventRounds "11"]
[EventCountry "AUT"]
[WhiteTeam "Kufstein/Woergl"]
[BlackTeam "Dornbirn"]

1. e4 e6 2. d4 d5 3. Nc3 Bb4 4. exd5 exd5 5. Bd3 Ne7 6. Qf3 Nbc6 7. Nge2 Be6 8.
a3 Bd6 9. Nb5 Qd7 10. Nxd6+ Qxd6 11. O-O O-O-O 12. Bf4 Qd7 13. Bb5 Bg4 14. Qc3
f6 15. Nc1 g5 16. Be3 Qd6 17. Nd3 Be2 18. Rfe1 Bxd3 19. Qxd3 h6 20. Bd2 Rdf8
21. Re3 f5 22. Rae1 Rf6 23. Bb4 Nxb4 24. axb4 Nc6 25. Bxc6 Qxc6 26. Re7 Rhf8
27. b5 Qb6 28. Qa3 Rd6 29. Rh7 Qxd4 30. Rxh6 Qd2 31. Rf1 Rfd8 32. Rh7 a6 33.
Qc5 Qa5 34. b4 Qb6 35. bxa6 Qxc5 36. axb7+ Kxb7 37. bxc5 Re6 38. Rg7 g4 39. Rf7
Re5 40. f4 Re2 41. Rc1 Rde8 42. Rxf5 Rd2 43. Rg5 Kc6 44. Rxg4 Kxc5 45. f5 d4
46. f6 Rf8 47. Rf4 Kd5 48. f7 Re2 49. g4 Re4 50. Rcf1 Rxf4 51. Rxf4 Ke5 52. Rf2
Ke6 53. Kf1 1-0

[Event "2. Bundesliga West 2015/16"]
[Site "Servus Europa Wals"]
[Date "2016.03.04"]
[Round "9"]
[Board "6"]
[White "Ausserer, Felix"]
[Black "Anibas, Juergen"]
[Result "1/2-1/2"]
[WhiteElo "1901"]
[BlackElo "1955"]
[PlyCount "54"]
[EventDate "2015.10.16"]
[EventType "team"]
[EventRounds "11"]
[EventCountry "AUT"]
[WhiteTeam "Dornbirn"]
[BlackTeam "Kufstein/Woergl"]

1. e4 e6 2. d4 d5 3. exd5 exd5 4. c4 Nf6 5. Nf3 c6 6. Be2 Bf5 7. O-O Bd6 8. Nc3
dxc4 9. Bxc4 O-O 10. Bg5 h6 11. Bh4 Nbd7 12. d5 Nb6 13. Bb3 c5 14. Bc2 Bxc2 15.
Qxc2 Nbxd5 16. Ne4 Bf4 17. Rad1 g5 18. Nexg5 hxg5 19. Nxg5 Bxg5 20. Bxg5 Re8
21. Rd3 Re5 22. f4 Re4 23. Rg3 Kf8 24. Rh3 Kg7 25. Qxe4 Nxe4 26. Bxd8 Rxd8 27.
Re3 f5 1/2-1/2